00358 2200133 4500245009000000250001100090100002500101650001700126650001600143005001900159260001800178041001400196084001400210 aAuto-Bio-Drama b : Bukan Siapa-Siapa, Tapi Punya CeritacKanila Dara PriyantohText aCet. 1 aKanila Dara Priyanto aAutobiografi aKarya Siswa a20250521134728 aJakartac2025 aIndonesia a081 KAN a